000 00352nam a2200145Ia 4500
008 230917s9999||||xx |||||||||||||| ||und||
040 _e160431
_aMAIN
041 _aEnglish
082 _a338.4791 M871T
100 _aMowforth, Martin
245 0 _aTourism and sustainability
260 _aLondon
_bRoutledge
_c1998
300 _a363 p.
942 _cBK
999 _c135773
_d135773